000 00236pam a2200133 a 4500
020 _c
041 _h
100 _aMargery Green
245 _aCall of the Wild
260 _c1997
300 _a92
653 _aLand
930 _a1182
999 _c247035
_d247035